书目信息 |
| 题名: |
现代英语广告教程
|
|
| 作者: | 方薇 编著 | |
| 分册: | ||
| 出版信息: | 南京 南京大学出版社 1997.09 |
|
| 页数: | 166页 | |
| 开本: | 32开 | |
| 丛书名: | ||
| 单 册: | ||
| 中图分类: | H319.4 | |
| 科图分类: | ||
| 主题词: | 英语 | |
| 电子资源: | ||
| ISBN: | 7-305-03108-9 | |
| 000 | 00551nam0 2200193 45 | |
| 001 | 0009091555 | |
| 005 | 20000909155637.1 | |
| 010 | @a7-305-03108-9@d6.80元 | |
| 100 | @a20000909d1997 km y0chiy0120 ea | |
| 101 | 0 | @achi |
| 105 | @a z 000yy | |
| 200 | 1 | @a现代英语广告教程@AXian Dai Ying Yu Guang Gao Jiao Cheng@f方薇编著@FFang Wei Bian Zhu |
| 210 | @a南京@c南京大学出版社@d1997.09 | |
| 215 | @a166页@d32开 | |
| 606 | 0 | @a英语 |
| 690 | @aH319.4@v3 | |
| 701 | 0 | @a方薇@4编著 |
| 801 | @aCN@bPftUser@c20000909 | |
| 905 | @b132101-105@dH319.4@eF.125@f5 | |
| 现代英语广告教程/方薇编著.-南京:南京大学出版社,1997.09 |
| 166页;32开 |
| ISBN 7-305-03108-9:6.80元 |
| ● |
| 相关链接 |
|
|
|
正题名:现代英语广告教程
索取号:H319.4/F.125
 
预约/预借
| 序号 | 登录号 | 条形码 | 馆藏地/架位号 | 状态 | 备注 |
| 1 | 132101 | 201321015 | 语言库209/209语言库 14排1列6层/ [索取号:H319.4/F.125] | 在馆 | |
| 2 | 132102 | 201321024 | 语言库209/209语言库 14排1列6层/ [索取号:H319.4/F.125] | 在馆 | |
| 3 | 132103 | 201321033 | 语言库209/209语言库 14排1列6层/ [索取号:H319.4/F.125] | 在馆 | |
| 4 | 132104 | 201321042 | 语言库209/209语言库 14排1列6层/ [索取号:H319.4/F.125] | 在馆 | |
| 5 | 132105 | 201321051 | 语言库209/209语言库 14排1列6层/ [索取号:H319.4/F.125] | 在馆 |